Finanční liberalizace.

Vytvorenie fungujúceho, trhovo orientovaného finančného sektora je nevyhnutnou podmienkou trhového hospodárstva. Finančný sektor môže plniť svoje úlohy, len ak je plno liberalizovaný, to zn. ak sa vytvoria nezávislé finančné inštitúcie a zruší sa štátna reglementácia finančných tokov a úrokových sad...

Descripción completa

Guardado en:
Detalles Bibliográficos
Autor principal: Rusek, Antonín
Formato: Capítulo de libro
Lenguaje:checo
Materias:
Etiquetas: Agregar Etiqueta
Sin Etiquetas, Sea el primero en etiquetar este registro!

MARC

LEADER 00000naa a2200000 4500
001 r007612
005 20220831083633.7
041 0 |a cze 
044 |a [CS] 
245 1 0 |a Finanční liberalizace.  |c Antonín Rusek 
520 |a Vytvorenie fungujúceho, trhovo orientovaného finančného sektora je nevyhnutnou podmienkou trhového hospodárstva. Finančný sektor môže plniť svoje úlohy, len ak je plno liberalizovaný, to zn. ak sa vytvoria nezávislé finančné inštitúcie a zruší sa štátna reglementácia finančných tokov a úrokových sadzieb. Teoretická argumentácia pre finančnú liberalizáciu a problémy vznikajúce v praxi. Dôsledný finančný dozor ako podmienka úspešnej finančnej liberalizácie. 
610 2 0 |a liberalizácia 
610 2 0 |a financie 
610 2 0 |a hospodárstvo trhové 
610 2 0 |a sadzby úrokové 
610 2 0 |a kontrola finančná 
100 1 |a Rusek, Antonín